Black neighbors ; Negroes in a northern rural community /

Bibliographic Details
Main Author: Hesslink, George K.
Format: Book
Language:English
Published: Indianapolis : Bobbs-Merrill, [1968]
Subjects:

MARC

Tag First Indicator Second Indicator Subfields
LEADER 00000cam a2200000 4500
001 in00000257553
005 20151010053641.0
008 720825s1968 inub b 00010 eng
010 |a  67028301  
035 |a (OCoLC)00391681 
035 |9 ABC5271AM 
040 |c OUN  |d TXA  |d UtOrBLW 
049 |a TXAM  |c [482896] 
050 0 |a F572.C3  |b H4 
082 0 |a 977.4/12/097496 
100 1 |a Hesslink, George K. 
245 1 0 |a Black neighbors ;  |b Negroes in a northern rural community /  |c [by] George K. Hesslink. 
264 1 |a Indianapolis :  |b Bobbs-Merrill,  |c [1968] 
300 |a xvii, 190 pages :  |b maps. ;  |c 22 cm. 
336 |a text  |b txt  |2 rdacontent 
337 |a unmediated  |b n  |2 rdamedia 
338 |a volume  |b nc  |2 rdacarrier 
504 |a Bibliography: pages 185-190. 
650 0 |a African Americans  |z Michigan  |z Cass County. 
999 |a MARS 
999 f f |s dd23a18c-1172-3d27-a9db-feb571dc6e7f  |i c65eb16c-4a0c-3a6f-81e3-3cb6c4bd88f4  |t 0 
952 f f |p ric  |a Texas A&M University  |b Rellis Campus  |c Joint Library Facility  |d Remote Storage  |t 0  |e F572.C3 H4  |h Library of Congress classification  |i unmediated -- volume  |m A14802305217 
998 f f |a F572.C3 H4  |t 0  |l Remote Storage